000 00863cam a22002537a 4500
003 MX-MxUPN
005 20260422112914.0
008 260325s2024 mx|o||||r|||| 000 0 spa d
020 _a9786075921891
040 _aMX-MxUPN
_bspa
041 0 _aspa
050 4 _aCC101 M6
_bM38 2024
100 1 _aMatos Moctezuma, Eduardo
_929027
245 1 0 _aHistoria de la arqueología del México antiguo
250 _aPrimera edición
260 _aMéxico, D.F. :
_bInstituto Nacional de Antropología e Historia,
_c2024
300 _a2 volúmenes :
_bfotografías (algunas a color)
490 0 _aColección Eméritos del INAH. Historia
650 4 _aArqueología
_zMéxico
_xHistoria
_959329
650 4 _aIndígenas de México
_xAntigüedades
_94692
902 _aMarisolLicea/25032026
_bVíctorGodìnez/220426
942 _2lcc
_cLIBRO
999 _c214880
_d214880